| 000 | 00322nam a2200097Ia 4500 | ||
|---|---|---|---|
| 008 | 220120s9999||||xx |||||||||||||| ||und|| | ||
| 100 |
_aAnusha S, Nisarga H U _912786 |
||
| 245 | 0 | _aTR-AXIS motoin house navigation system with eyeblink detecti | |
| 260 |
_aCoorg Institute of Technology _bPonnampet _c2019 |
||
| 650 | _aMECHANICAL | ||
| 999 |
_c138386 _d138386 |
||